<?xml version="1.0" encoding="UTF-8"?>
<record
    xmlns:xsi="http://www.w3.org/2001/XMLSchema-instance"
    xsi:schemaLocation="http://www.loc.gov/MARC21/slim http://www.loc.gov/standards/marcxml/schema/MARC21slim.xsd"
    xmlns="http://www.loc.gov/MARC21/slim">

  <leader>00686cam a22002412  4500</leader>
  <datafield tag="999" ind1=" " ind2=" ">
    <subfield code="c">16689</subfield>
    <subfield code="d">16689</subfield>
  </datafield>
  <controlfield tag="001">0000020256</controlfield>
  <controlfield tag="003">OSt</controlfield>
  <controlfield tag="005">20181002153300.0</controlfield>
  <controlfield tag="008">110906s         xx           000 0 eng d</controlfield>
  <datafield tag="020" ind1=" " ind2=" ">
    <subfield code="a">1416044710</subfield>
  </datafield>
  <datafield tag="040" ind1=" " ind2=" ">
    <subfield code="a">KABU</subfield>
    <subfield code="c">KABU</subfield>
  </datafield>
  <datafield tag="245" ind1="1" ind2="0">
    <subfield code="a">Manson's Tropical Diseases </subfield>
    <subfield code="c">edited by Gordon C. Cook and Alimuddin I. Zumla</subfield>
  </datafield>
  <datafield tag="250" ind1=" " ind2=" ">
    <subfield code="a">22nd ed.</subfield>
  </datafield>
  <datafield tag="260" ind1=" " ind2=" ">
    <subfield code="a">London :</subfield>
    <subfield code="b">Saunders,</subfield>
    <subfield code="c">2009.</subfield>
  </datafield>
  <datafield tag="300" ind1=" " ind2=" ">
    <subfield code="a">xx, 1830  p.</subfield>
  </datafield>
  <datafield tag="650" ind1=" " ind2="0">
    <subfield code="a">Tropical medicine.</subfield>
  </datafield>
  <datafield tag="700" ind1="1" ind2=" ">
    <subfield code="a">Cook, Gordon.</subfield>
  </datafield>
  <datafield tag="700" ind1="1" ind2=" ">
    <subfield code="a">Zumla, Alimuddin.</subfield>
  </datafield>
  <datafield tag="908" ind1=" " ind2=" ">
    <subfield code="a">110906</subfield>
  </datafield>
  <datafield tag="942" ind1=" " ind2=" ">
    <subfield code="2">lcc</subfield>
    <subfield code="c">BK</subfield>
  </datafield>
  <datafield tag="952" ind1=" " ind2=" ">
    <subfield code="0">0</subfield>
    <subfield code="1">0</subfield>
    <subfield code="2">lcc</subfield>
    <subfield code="7">0</subfield>
    <subfield code="a">KABU</subfield>
    <subfield code="b">KABU</subfield>
    <subfield code="c">GEN</subfield>
    <subfield code="d">2018-03-09</subfield>
    <subfield code="g">8785.00</subfield>
    <subfield code="l">6</subfield>
    <subfield code="m">1</subfield>
    <subfield code="o">RC961 .M362 2009 c.1</subfield>
    <subfield code="p">024492</subfield>
    <subfield code="r">2025-06-07 15:39:34</subfield>
    <subfield code="s">2025-05-22</subfield>
    <subfield code="t">c.1</subfield>
    <subfield code="w">2018-03-09</subfield>
    <subfield code="y">BK</subfield>
  </datafield>
  <datafield tag="952" ind1=" " ind2=" ">
    <subfield code="0">0</subfield>
    <subfield code="1">0</subfield>
    <subfield code="2">lcc</subfield>
    <subfield code="7">0</subfield>
    <subfield code="a">KABU</subfield>
    <subfield code="b">KABU</subfield>
    <subfield code="d">2018-03-09</subfield>
    <subfield code="g">8785.00</subfield>
    <subfield code="l">8</subfield>
    <subfield code="o">RC961 .M362 2009 c.2</subfield>
    <subfield code="p">33939</subfield>
    <subfield code="q">2026-07-07</subfield>
    <subfield code="r">2026-06-20 16:55:03</subfield>
    <subfield code="s">2026-06-20</subfield>
    <subfield code="t">c.2</subfield>
    <subfield code="w">2018-03-09</subfield>
    <subfield code="y">BK</subfield>
  </datafield>
  <datafield tag="952" ind1=" " ind2=" ">
    <subfield code="0">0</subfield>
    <subfield code="1">0</subfield>
    <subfield code="2">lcc</subfield>
    <subfield code="7">0</subfield>
    <subfield code="a">KABU</subfield>
    <subfield code="b">KABU</subfield>
    <subfield code="d">2018-03-09</subfield>
    <subfield code="g">8785.00</subfield>
    <subfield code="l">4</subfield>
    <subfield code="o">RC961 .M362 2009 c.3</subfield>
    <subfield code="p">024482</subfield>
    <subfield code="r">2024-03-28 08:03:57</subfield>
    <subfield code="s">2024-03-12</subfield>
    <subfield code="t">c.3</subfield>
    <subfield code="w">2018-03-09</subfield>
    <subfield code="y">BK</subfield>
  </datafield>
</record>
